Economic development / (Record no. 5257)
[ view plain ]
| 000 -LEADER | |
|---|---|
| fixed length control field | 01179nam a22003375a 4500 |
| 003 - CONTROL NUMBER IDENTIFIER | |
| control field | EG-ScBUE |
| 005 - DATE AND TIME OF LATEST TRANSACTION | |
| control field | 20200923094957.0 |
| 008 - FIXED-LENGTH DATA ELEMENTS--GENERAL INFORMATION | |
| fixed length control field | 150813s2000 enka f bd 001 0 eng d |
| 020 ## - INTERNATIONAL STANDARD BOOK NUMBER | |
| International Standard Book Number | 020164858x |
| 020 ## - INTERNATIONAL STANDARD BOOK NUMBER | |
| International Standard Book Number | 9780201648584 |
| 035 ## - SYSTEM CONTROL NUMBER | |
| System control number | (DLC) 99012562 |
| 040 ## - CATALOGING SOURCE | |
| Original cataloging agency | EG-ScBUE |
| Language of cataloging | eng |
| Description conventions | rda |
| Transcribing agency | EG-ScBUE |
| Modifying agency | EG-ScBUE |
| 082 04 - DEWEY DECIMAL CLASSIFICATION NUMBER | |
| Classification number | 338.90091724 |
| Item number | TOD |
| Edition number | 22 |
| 100 1# - MAIN ENTRY--PERSONAL NAME | |
| Personal name | Todaro, Michael P., |
| Relator term | author. |
| 245 10 - TITLE STATEMENT | |
| Title | Economic development / |
| Statement of responsibility, etc | Michael P. Todaro, New York University. |
| 250 ## - EDITION STATEMENT | |
| Edition statement | Seventh edition. |
| 264 #1 - PUBLICATION, DISTRIBUTION, ETC. (IMPRINT) | |
| Place of publication, distribution, etc | Harlow, England : |
| Name of publisher, distributor, etc | Pearson Education Limited, |
| Date of publication, distribution, etc | 2000. |
| 300 ## - PHYSICAL DESCRIPTION | |
| Extent | xxv, 783 pages : |
| Other physical details | illustrations ; |
| Dimensions | 24 cm. |
| 336 ## - CONTENT TYPE | |
| Source | rdacontent |
| Content type term | text |
| Content type code | txt |
| 337 ## - MEDIA TYPE | |
| Source | rdamedia |
| Media type term | unmediated |
| Media type code | n |
| 338 ## - CARRIER TYPE | |
| Source | rdacarrier |
| Carrier type term | volume |
| Carrier type code | nc |
| 490 0# - SERIES STATEMENT | |
| Series statement | The Addison-Wesley series in economics |
| 500 ## - GENERAL NOTE | |
| General note | Includes glossary. |
| 504 ## - BIBLIOGRAPHY, ETC. NOTE | |
| Bibliography, etc | Includes bibliographical references and index. |
| 590 ## - LOCAL NOTE (RLIN) | |
| Local note | Menna Elemam |
| 650 #7 - SUBJECT ADDED ENTRY--TOPICAL TERM | |
| Topical term or geographic name as entry element | Economic development. |
| General subdivision | Economic policy. |
| Source of heading or term | BUEsh |
| 650 #7 - SUBJECT ADDED ENTRY--TOPICAL TERM | |
| Topical term or geographic name as entry element | Developing countries-- |
| General subdivision | Economic policy. |
| Source of heading or term | BUEsh |
| 653 ## - INDEX TERM--UNCONTROLLED | |
| Resource For college | BAEPS, Economics |
| Arrived date list | August2015 |
| 655 ## - INDEX TERM--GENRE/FORM | |
| Form subdivision | Reading book |
| 9 (RLIN) | 34232 |
| 942 ## - ADDED ENTRY ELEMENTS (KOHA) | |
| Koha item type | Book - Borrowing |
| Call number prefix | 338.90091724 TOD |
| Source of classification or shelving scheme | Dewey Decimal Classification |
| Withdrawn status | Lost status | Source of classification or shelving scheme | Damaged status | Not for loan | Collection code | Home library | Current library | Shelving location | Date acquired | Source of acquisition | Total Checkouts | Total Renewals | Full call number | Barcode | Date last seen | Date checked out | Koha item type | Cost, replacement price | Cost, normal purchase price | Serial Enumeration / chronology | Checked out | Price effective from |
|---|---|---|---|---|---|---|---|---|---|---|---|---|---|---|---|---|---|---|---|---|---|---|
| Dewey Decimal Classification | Alahram | Central Library | Central Library | First floor | 23/10/2007 | 14 | 26 | 338.90091724 TOD | 000006448 | 15/07/2025 | 03/10/2018 | Book - Borrowing | ||||||||||
| Dewey Decimal Classification | Alahram | Central Library | Central Library | First floor | 23/10/2007 | 11 | 25 | 338.90091724 TOD | 000010952 | 15/07/2025 | 03/10/2018 | Book - Borrowing | 50.00 | |||||||||
| Dewey Decimal Classification | Alahram | Central Library | Central Library | First floor | 24/05/2009 | 15 | 72 | 338.90091724 TOD | 000016213 | 15/07/2025 | 22/09/2018 | Book - Borrowing | 730.00 | 72 | ||||||||
| Dewey Decimal Classification | Baccah | Central Library | Central Library | First floor | 22/09/2020 | Purchase | 1 | 1 | 338.90091724 TOD | 000049789 | 15/10/2025 | 15/10/2025 | Book - Borrowing | 18/03/2026 | 22/09/2020 |